000 00287nam a22001337a 4500
008 171002b xxu||||| |||| 00| 0 eng d
020 _a9780618042814
041 _aeng
080 _28 ED
_a159.9
100 _a48
101 _aPSI
245 _aASSEMENT
_cSALVIA.Y
942 _2udc
_cBK
999 _c31230
_d31230